00454nam a2200193Ia 4500003000400000005001700004008004100021020001800062040000700080041000800087082001600095100001800111245003100129260004500160300001500205365001300220650001900233650000800252OSt20230511145928.0210423s2011 xx 000 0 und d a9789380280141 cAL aeng a346.07 MAIU aMAIYA (Umesh) aTextbook of commercial law aNew DelhibJagdamba Publishing Co.c2011 aiv,298bPB b225cINR aCommercial Law aLaw